书目信息 |
| 题名: |
谈判共赢
|
|
| 作者: | 王嘉铄 著 | |
| 分册: | ||
| 出版信息: | 2014.02 |
|
| 页数: | 195页 | |
| 开本: | 20cm | |
| 丛书名: | ||
| 单 册: | ||
| 中图分类: | C912.3-49 | |
| 科图分类: | ||
| 主题词: | 社会结构 , 社会关系 | |
| 电子资源: | ||
| ISBN: | ||
| 000 | 00522nam0 2200193 450 | |
| 001 | 2640845849 | |
| 005 | 20260305112632.65 | |
| 010 | @dCNY39.80 | |
| 100 | @a20260305d2014 km y0chiy0120 ea | |
| 101 | 0 | @achi |
| 200 | 1 | @a谈判共赢@ATan Pan Gong Ying@f王嘉铄著@FWang Jia Shuo Zhu |
| 210 | @d2014.02 | |
| 215 | @a195页@d20cm | |
| 606 | 0 | @a社会结构 |
| 606 | 0 | @a社会关系 |
| 690 | @aC912.3-49@v4 | |
| 701 | 0 | @a王嘉铄@AWang Jia Shuo@4著 |
| 801 | 0 | @aCN@b大连网信软件有限公司图书馆·11@c20260305 |
| 905 | @aZUCC@dC912.3-49@e2173 | |
| 谈判共赢/王嘉铄著.-2014.02 |
| 195页;20cm |
| ISBN :CNY39.80 |
| ● |
| 相关链接 |
|
|
|
|
正题名:谈判共赢
索取号:C912.3-49/2173
 
预约/预借
| 序号 | 登录号 | 条形码 | 馆藏地/架位号 | 状态 | 备注 |
| 1 | 1442150 | 214421507 | 第一样本阅览室/ [索取号:C912.3-49/2173] | 在馆 |